000 00405 a2200145 4500
005 20250628125751.0
020 _a0-13-487264-9
082 _a658.151 HOR
100 _aHORNGREN, C. T.
245 _aIntroduction to Management Accounting
250 _a12th Ed
260 _aLondon,
_bPrentice-Hall International,
_c1981.
300 _axvi, 636p.: ill.; table,
_bglossary & index,
_c24cm.
942 _2ddc
_cBKS
999 _c2032
_d2032